| 000 | 00626nam a22002177a 4500 | ||
|---|---|---|---|
| 005 | 2010072607377.0 | ||
| 006 | a|||||r|||||00| 0 | ||
| 007 | ta | ||
| 008 | 100726c xxu||||| |||| 00| 0 eng d | ||
| 022 | _a0973-0052 | ||
| 040 | _aDBAD/PUB | ||
| 245 | _aInternational journal of rural management | ||
| 260 |
_aAnand _bInstitute of Rural Management _c2005- |
||
| 260 |
_aNew Delhi _bSage Publications |
||
| 300 |
_av. _c25 cm |
||
| 310 | _aSemianual | ||
| 650 |
_aRural managemtn _91544 |
||
| 700 |
_aMishra, Debiprasad, ed _91545 |
||
| 942 |
_2ddc _cSR _s1 |
||
| 999 |
_c37770 _d37770 |
||